1075 1014 2000 1689 1768 1108 1075 1035 1626 1446 1938 1868 1096 1745 1703 1288 1726 1876 1059 1935 1683 1907 1557 1362 1167 1632 1651 1418 1251 1445 1167 1733 1036 1619 1174 1923 1597 1615 1771 1337 1786 1041 1468 1182 1623 1675 1361 1683 1016 1493 1856 1047 1244 1607 1640 1952 1913 1861 1453 1101 1671 1866 1184 1429 1851 1391 1338 1159 1101 1598 1710 1166 1543 1003 1069 1072 1881 1772 1486 1265 1123 1043 1095 1043 1970 1939 1190 1301 1132 1730 1410 1942 1739 1355 1915 1562 1277 1499 1809 BCNSPRNW ULIB Ver.6.0+V

เปลี่ยนเป็นภาษาไทย

Change to English
 แสดงรายละเอียดบรรณานุกรม
  กลับหน้าหลัก

Brief Record : Get Marc (ISO 2709) : E-mail record : QR code < ปิดหน้าต่าง
LEADER : 00000nam 2200000uu 4500
001    13399126842
003     ULIB
008    020711s2562 th a 000 0 tha d
060    วจ^aWY159^bส731ก
100    ^aสิริกานต์ แรงกสิกร
245    ^aการพัฒนารูปแบบการเตรียมความพร้อมของนักศึกษาโดยประยุกต์ใช้การเรียนรู้สถานการณ์จำลองเสมือนจริงก่อนการฝึกปฏิบัติงานด้านการพยาบาลเด็กรายวิชาปฏิบัติการพยาบาลบุคคลที่มีปัญหาสุขภาพ 1 : Model development for preparing students by Simulation Based Learning in Pediatric Clinical Nursing Practice in Nursing Care of Persons with Health Problems Practicum I
260    ^aนครสวรรค์ :^bวิทยาลัยพยาบาลบรมราชชนนีสวรรค์ประชารักษ์ นครสวรรค์,^c2562
300    ^a70 หน้า;^b30 ซม.
650    ^aการพยาบาลเด็ก
710    ^aวิทยาลัยพยาบาลบรมราชชนนี สวรรค์ประชารักษ์ นครสวรรค์ สถาบันพระบรมราชชนก สำนักงานปลัดกระทรวงสาธารณสุข กระทรวงสาธารณสุข
945    ^p0^l0^i005501
999    ^aประนอม เกษจรัล
รายการนี้ยังไม่มีแท็ก
คุณยังไม่ได้ล็อกอิน คุณสามารถมีกิจกรรมร่วมกับเว็บไซต์ได้ แต่ต้องล็อกอินก่อน ::
  ล็อกอิน

รายการสื่อสารสนเทศ

ลำดับที่ ประเภท เลขเรียก/บาร์โค้ด สถานที่ สถานะ
1. Book การพยาบาล
Book การพยาบาล
วจ WY159 ส731ก ฉ.1 
  Barcode: 005501
ห้องสมุดวิทยาเขตสวรรค์ประชารักษ์
►หนังสือทั่วไป
บนชั้น

รายการใกล้เคียง
    ผู้แต่ง [สิริกานต์ แรงกสิกร]

    หัวเรื่อง [การพยาบาลเด็ก]

BibComment


ยังไม่เคยถูกคอมเมนท์

คอมเมนท์ทรัพยากรรายการนี้
  คอมเมนท์: การพัฒนารูปแบบกา..


 Copyright 2026. Bcnsprnw @Library